MARC

LEADER 00000nam0a2200000 4500
001 17408
005 20231101205138.0
010 |a 5020298891 
035 |a (RuTPU)RU\TPU\book\17552 
035 |a BOOK00002240 
090 |a 17408 
100 |a 20011209d1993 k y0rusy50 ca 
101 0 |a rus 
102 |a RU 
105 |a a z 001zy 
200 1 |a Жилье: рынок и задача  |f О. Э. Бессонова  |g Российская академия наук; Сибирское отделение РАН; Институт экономики и организации промышленного производства 
210 |a Новосибрск  |c Наука  |d 1993 
215 |a 158 с.  |c ил. 
320 |a Библиография: с. 147-151 (128 назв.) 
606 1 |a Жилье  |x Экономика  |2 stltpush  |3 (RuTPU)RU\TPU\subj\36128  |9 57614 
610 1 |a экономика 
610 1 |a жилье 
610 1 |a жилищный вопрос 
610 1 |a СССР 
610 1 |a Великобритания 
686 |a У9(2)441.2  |v LBC/SL-A  |2 rubbk 
700 1 |a Бессонова  |b О. Э.  |g Ольга Эрнестовна 
712 0 2 |a Российская академия наук (РАН)  |b Сибирское отделение (СО)  |b Институт экономики и организации промышленного производства (ИЭОПП)  |c (Новосибирск)  |2 stltpush  |3 (RuTPU)RU\TPU\col\1303 
801 0 |a RU  |b 63413507  |c 20011209  |g PSBO 
801 2 |a RU  |b 63413507  |c 20211214  |g PSBO 
942 |c BK